书目信息 |
| 题名: |
中国气候区划
|
|
| 作者: | ;中国科学院地球物理研究所、中国科学院地理研究所 | |
| 分册: | ||
| 出版信息: | 北京 科学出版社 1959 |
|
| 页数: | 323页 | |
| 开本: | 20cm | |
| 丛书名: | ||
| 单 册: | ||
| 中图分类: | P468.2 | |
| 科图分类: | ||
| 主题词: | 气候学 | |
| 电子资源: | ||
| ISBN: | ||
| 000 | 00767nam0 2200205 450 | |
| 001 | 0629881067 | |
| 005 | 20060912081946.96 | |
| 100 | @a20060912d1959 km y0chiy0120 ea | |
| 101 | 0 | @achi |
| 102 | @aCN@b110000 | |
| 200 | 1 | @a中国气候区划@Azhong guo qi hou qu hua@e初稿@f中国科学院地球物理研究所、中国科学院地理研究所@Fzhong guo ke xue yuan di qiu wu li yan jiu suo、zhong guo ke xue yuan di li yan jiu suo |
| 210 | @a北京@c科学出版社@d1959 | |
| 215 | @a323页@d20cm | |
| 300 | @a内部刊物 | |
| 517 | 1 | @a初稿@Achu gao |
| 606 | 0 | @a气候学 |
| 690 | @aP468.2@v3 | |
| 711 | 0 | @a中国科学院地球物理研究所、中国科学院地理研究所@Azhong guo ke xue yuan di qiu wu li yan jiu suo、zhong guo ke xue yuan di li yan jiu suo |
| 801 | 0 | @aCN@bPFT@c20060912 |
| 905 | @a10447@dP468.2@e56 | |
| 中国气候区划:初稿/中国科学院地球物理研究所、中国科学院地理研究所.-北京:科学出版社,1959 |
| 323页;20cm |
| 内部刊物 |
| ISBN : |
| ● |
| 相关链接 |
|
|
|
|
正题名:中国气候区划
索取号:P468.2/56
 
预约/预借
| 序号 | 登录号 | 条形码 | 馆藏地/架位号 | 状态 | 备注 |
| 1 | 0470574 | 204705747 | 密集书库/ [索取号:P468.2/56] | 在馆 |